• 首页
  • 本馆介绍
  • 公告通知
  • 最新文献
  • 馆藏检索
  • 电子资源
  • 读者导购
  • 参考咨询
  • 我的图书馆
  • 登录
  • 详细信息显示
  • 放入我的书架
  • 预约/预借图书
  • 作者相关作品
  • 分类相关作品
  • 丛书相关作品
  • 出版社相关作品

书目信息

  • 表格格式
  • 工作单格式
  • 卡片格式
题名:
遥感数字图像处理与应用
    
 
作者: 冯学智 编著
分册:  
出版信息: 北京   商务印书馆  2011.10
页数: 314页
开本: 25cm
丛书名:
单 册:
中图分类: TP751.1
科图分类:
主题词: 遥感图象--数字图象处理 , 遥感图象 , 数字图象处理
电子资源:
ISBN: 978-7-100-08554-0
000 00974nam0 2200265 45
001 516
005 20120604093654.51
010    @a978-7-100-08554-0@dCNY39.00
100    @a20120328d2011 em y0chiy50 ea
101 0  @achi
102    @aCN@b110000
105    @aak z 000yy
106    @ar
200 1  @a遥感数字图像处理与应用@AYao Gan Shu Zi Tu Xiang Chu Li Yu Ying Yong@f冯学智等编著@FFeng Xue Zhi Deng Bian Zhu
210    @a北京@c商务印书馆@d2011.10
215    @a314页@c图@d25cm
300    @a国家高技术研究发展计划(863计划)课题(200812Z106) 国家自然科学基金项目(40801166)联合资助
330    @a本书共分九章,介绍了遥感数字图像的成像原理;阐述遥感数字图像的信息特征;遥感数字图像的恢复处理、增强处理、融合处理和分类处理的基本理论与技术方法等。
606 0  @a遥感图象@x数字图象处理
606 0  @a遥感图象
606 0  @a数字图象处理
690    @aTP751.1@v4
701  0 @a冯学智@AFeng Xue Zhi@4编著
801  0 @aCN@bTSTCL@c20120328
905    @b0813461-67@dTP751.1@e33@f7
    
    遥感数字图像处理与应用/冯学智等编著.-北京:商务印书馆,2011.10
    314页:图;25cm
    国家高技术研究发展计划(863计划)课题(200812Z106) 国家自然科学基金项目(40801166)联合资助
    
    ISBN 978-7-100-08554-0:CNY39.00
    本书共分九章,介绍了遥感数字图像的成像原理;阐述遥感数字图像的信息特征;遥感数字图像的恢复处理、增强处理、融合处理和分类处理的基本理论与技术方法等。
●
相关链接 在E读中查询图书 在五车中查询图书 在当当中查询图书 在豆瓣中查询图书


正题名:遥感数字图像处理与应用     索取号:TP751.1/33         预约/预借

序号 登录号 条形码 馆藏地/架位号 状态 备注
1 0813461   208134614   第二样本阅览室/ [索取号:TP751.1/33] 在馆    
2 0813462   208134623   第三借阅区/ [索取号:TP751.1/33] 在馆    
3 0813463   208134632   第三借阅区/ [索取号:TP751.1/33] 在馆    
4 0813464   208134641   第三借阅区/ [索取号:TP751.1/33] 在馆    
5 0813465   208134650   第三借阅区/ [索取号:TP751.1/33] 在馆    
6 0813466   208134669   第三借阅区/ [索取号:TP751.1/33] 在馆    
7 0813467   208134678   第三借阅区/ [索取号:TP751.1/33] 在馆    
唐山师范学院图书馆 欢迎您!
大连网信软件有限公司© 版权所有